| 000 | 00000nam##2200000za#4500 |
| 001 | 9.624550 |
| 003 | CaOODSP |
| 005 | 20240212134142 |
| 007 | ta |
| 008 | 150406|1997||||xxc||||| f|0| 0 fre|d |
| 020 | |a0-662-82389-3 |
| 022 | |a1713-0646 |
| 040 | |aCaOODSP|bfre |
| 043 | |an-cn--- |
| 086 | 1 |aNE22-1/1997-12F |
| 110 | 1 |aCanada. |bOffice national de l'énergie. |
| 245 | 10|aNovagas Canada Limited : |bdemande, datée du 12 mai 1997, pour que l'Office examine les pratiques de Westcoast composant du gaz à Taylor, en Colombie-Britannique |
| 260 | |aCalgary - Alberta : |bOffice national de l'énergie |cOctobre 1997. |
| 300 | |aiv, 10p. ; |c28 cm. |
| 490 | 1 |aMotifs de décision|x1713-0646 |
| 563 | |aCouverture souple |
| 590 | |a97-43|b1997-10-24 |
| 775 | 08|tNovagas Canada Limited : |w(CaOODSP)9.614070 |
| 776 | 0#|tMotifs de décision relativement à Novagas Canada Ltd. : |w(CaOODSP)9.602860 |
| 830 | #0|aMotifs de décision (Canada. Office national de l'énergie)|x1713-0646|w(CaOODSP)9.513162 |
| 986 | |aMH-2-97 |